Xuyên qua nỗi sợ = Feel the fear...and do it anyway

Bạn sợ ra quyết định, sợ đề nghị sếp về việc thăng chức và lên lương, sợ phải chấm dứt một mối quan hệ không như ý, sợ đối diện tương lai...? Cho dù nỗi sợ của bạn là gì đi nữa thì quyển sách "Xuyên Qua Nỗi Sợ" cũng sẽ g...

Ausführliche Beschreibung

Gespeichert in:
Bibliographische Detailangaben
1. Verfasser: Jeffers, Susan
Format: Buch
Sprache:Undetermined
Veröffentlicht: Thành phố Hồ Chí Minh Tổng hợp Thành phố Hồ Chí Minh 2012
Schlagworte:
Tags: Tag hinzufügen
Keine Tags, Fügen Sie den ersten Tag hinzu!
Thư viện lưu trữ: Trung tâm Học liệu Trường Đại học Cần Thơ
LEADER 01467nam a2200217Ia 4500
001 CTU_180911
008 210402s9999 xx 000 0 und d
020 |c 70000 
082 |a 152.46 
082 |b J45 
100 |a Jeffers, Susan 
245 0 |a Xuyên qua nỗi sợ = 
245 0 |b Feel the fear...and do it anyway 
245 0 |c Susan Jeffers ; Hồ Thị Việt Hà (dịch) 
260 |a Thành phố Hồ Chí Minh 
260 |b Tổng hợp Thành phố Hồ Chí Minh 
260 |c 2012 
520 |a Bạn sợ ra quyết định, sợ đề nghị sếp về việc thăng chức và lên lương, sợ phải chấm dứt một mối quan hệ không như ý, sợ đối diện tương lai...? Cho dù nỗi sợ của bạn là gì đi nữa thì quyển sách "Xuyên Qua Nỗi Sợ" cũng sẽ giúp bạn nhận ra tâm lý và bản chất của nỗi sợ, đồng thời cung cấp cho bạn những công cụ cần thiết để xử lý các tình huống đó. Bạn sẽ không còn phải đau khổ, co mình lại hay sa sút tinh thần vì sợ hãi nữa, mà thay vào đó bạn sẽ trở nên mạnh mẽ, đầy sức sống và hứng khởi hơn 
650 |a Fear,Khiếp sợ 
904 |i Ngà,Hải 
980 |a Trung tâm Học liệu Trường Đại học Cần Thơ